Public health disasters a global ethical framework

Guardat en:
Dades bibliogràfiques
Autor principal: AFOLABI, Michael Olusegun
Format: Llibre
Idioma:anglès
Publicat: Springer 2018
Etiquetes: Afegir etiqueta
Sense etiquetes, Sigues el primer a etiquetar aquest registre!

MARC

LEADER 00000nam a22000007a 4500
008 210413b ||||| |||| 00| 0 eng d
020 |a 978-3-319-92764-0 
022 |a AFOLABI, Michael Olusegun. 
100 |a AFOLABI, Michael Olusegun. 
245 |a Public health disasters  |b a global ethical framework  |c Michael Olusegun Afolabi  |e Advancing global bioethics; 12  |g xv, 233p. 
260 |b Springer  |c 2018  |h Cham, Switzerland  |i 685348  |l RA645.5 .Af6  |m Disaster medicine.  |m Emergency management.  |m Disaster relief.   |m Medical assistance. 
500 |a “It includes references and index” 
942 |a lcc  |c BK  |e YUNUSA, A.A.  |f 13/4/21 
952 |0 0  |1 0  |2 lcc  |4 0  |6 RA06455 A F6  |7 0  |9 2120  |a HOL  |b HOL  |c QZ  |d 2021-04-13  |l 0  |o RA645.5 .Af6   |p 2021-5974  |r 2021-04-13 00:00:00  |w 2021-04-13  |y BK 
999 |c 1098  |d 1098